000 nam a22 7a 4500
999 _c55663
_d55663
003 OSt
005 20220921104434.0
008 220921b xxu||||| |||| 00| 0 eng d
040 _cIIMT UNIVERSITY, MEERUT
100 _aGAUTAM, ALKA
245 _aHUMAN GEOGRAPHY
260 _aINTERNATIONAL PUB.
_bMEERUT
_c2009
300 _a14.39
942 _2ddc
_c09